Internetworking LANs and WANs : Concepts, techniques and methods /

Gespeichert in:
Bibliographische Detailangaben
1. Verfasser: Held, Gilbert (Verfasst von)
Format: Buch
Sprache:Englisch
Veröffentlicht: Chichester : John Wiley & Sons, 1993
Ausgabe:1.vyd.
Schlagworte:
Tags: Tag hinzufügen
Keine Tags, Fügen Sie das erste Tag hinzu!

MARC

LEADER 00000nam a22000003a 4500
001 stu9155
005 20190206124535.0
008 960814s1993----xxu-----------------eng-d
020 |a 0-471-93568-9 
040 |a STU  |b slo 
041 0 |a eng 
044 |a xxu 
080 |a 681.327.8 
080 |a 681.324 
084 |a B6210L  |2 INS 
084 |a C5620  |2 INS 
084 |a C5630  |2 INS  |7 stu_us_auth*stu6236 
084 |a C5640  |2 INS 
100 1 |a Held, Gilbert  |4 aut 
245 1 |a Internetworking LANs and WANs :  |b Concepts, techniques and methods /  |c [aut.] Held,Gilbert 
250 |a 1.vyd. 
260 |a Chichester :  |b John Wiley & Sons,  |c 1993 
300 |a 243 s 
650 7 |a počítačové siete  |2 stusub 
650 7 |a komunikačné siete  |2 stusub 
650 7 |a komunikačné systémy  |2 stusub 
650 7 |a prenos dát  |2 stusub 
650 7 |a protokoly  |2 stusub 
650 7 |a CCITT  |2 stusub 
650 7 |a ISO  |2 stusub 
650 7 |a OSI  |2 stusub 
996 |b 284IK06451  |c I*5LS5035  |l II680  |s A  |a 24  |w stu9155_0001